[Event "FSV-ch 2011"]
[Site "Dortmund"]
[Date "2011.03.17"]
[Round "2.7"]
[White "Grube, Jörg"]
[Black "Kirmes, H.-Uwe"]
[Result "1-0"]
[WhiteElo "1876"]
[BlackElo "1380"]
[PlyCount "119"]
[EventDate "2011.??.??"]

1. b4 Nf6 2. Bb2 e6 3. b5 d5 4. e3 c6 5. a4 Be7 6. Nf3 c5 7. c4 O-O 8. Be2 b6
9. O-O Bb7 10. a5 a6 11. d3 axb5 12. cxb5 Rxa5 13. Rxa5 bxa5 14. Nbd2 Qb6 15.
Qa4 Nbd7 16. Ra1 Ra8 17. Bc3 Bd8 18. Nb3 Qd6 19. Nxa5 Bxa5 20. Bxa5 Nb6 21. Qd1
Nfd7 22. Bc3 Rxa1 23. Qxa1 Qb8 24. Bxg7 Qa8 25. Kf1 Qxa1+ 26. Bxa1 f6 27. Nd2
Kf7 28. Nb3 e5 29. Na5 Ba8 30. Bb2 Ke6 31. Ba3 Na4 32. Bh5 Nc3 33. b6 Nb5 34.
b7 Bxb7 35. Nxb7 Nxa3 36. Ke2 Nb5 37. Be8 c4 38. dxc4 dxc4 39. Na5 Nd6 40. Bh5
Nb6 41. Nc6 Kd7 42. Nb4 Nb5 43. Bf3 Kd6 44. Be4 Nc3+ 45. Kf3 Nxe4 46. Kxe4 Ke6
47. g4 Na4 48. f4 Nc3+ 49. Kf3 e4+ 50. Kf2 Nb5 51. Ke2 Kd6 52. Kd2 Kc5 53. Na2
Kd5 54. Nc3+ Nxc3 55. Kxc3 h6 56. h4 Kc5 57. h5 Kd5 58. g5 fxg5 59. fxg5 hxg5
60. h6 1-0

[Event "FSV-ch 2011"]
[Site "Dortmund"]
[Date "2011.03.14"]
[Round "2.8"]
[White "Völler, Lothar"]
[Black "Schütz, Ralf"]
[Result "1/2-1/2"]
[WhiteElo "1469"]
[BlackElo "1818"]
[Annotator "Schulenburg"]
[PlyCount "129"]
[EventDate "2011.??.??"]

1. e4 c5 2. d4 cxd4 3. c3 d5 4. exd5 Qxd5 5. Nf3 Nc6 6. cxd4 Bg4 7. Be3 e5 8.
Nc3 Bb4 9. dxe5 Bxc3+ 10. bxc3 Bxf3 11. Qxf3 Qxe5 12. Rc1 Qe6 13. Bb5 Nge7 14.
O-O O-O 15. Bc5 Rfe8 16. a4 $2 {
Indem er sich um seinen a-Bauern sorgt, verschenkt Weiss die Initiative.} ({
Vorteil erlangte Weiss mittels} 16. Rfe1 Qxa2 17. Rxe7 Rxe7 (17... Nxe7 18.
Bxe8 Rxe8 19. Re1 $1 Qd2 20. Qe4) 18. Bxc6 Qd2 19. Rf1 Re1 20. Bb5 {
usw., zum Beispiel} 20... a6 21. Qxb7 Rae8 22. Qxa6 Rxf1+ 23. Bxf1 Qxc3 24. Qa4
{Das Laeuferpaar sollte allmaehlich die Oberhand gewinnen.}) 16... Nd5 17. Bc4
$2 (17. Rcd1) 17... Ne5 $1 18. Qxd5 Nxc4 19. Qxe6 Rxe6 $15 20. Rfd1 b6 21. Bd4
Nb2 22. Re1 Nxa4 23. Rxe6 fxe6 24. Re1 Kf7 25. Re4 Rc8 26. Rf4+ Ke7 27. Bxg7
Nxc3 28. Bf6+ Ke8 ({Zielstrebiger war} 28... Kd6 $1 29. Bxc3 Rxc3 30. Kf1 Rc5 {
und nicht die Anzahl der Bauern insgesamt entscheidet, sondern allein die
Kraft der verbundenen Freibauern am Damenfluegel, die schnell und ungehindert
durchmarschieren.}) 29. Rh4 Nd5 30. Bb2 $2 (30. Bg5) 30... Rc2 $19 31. Rxh7 (
31. Ba3 Ra2 32. Bc1 Ra1 33. Rc4 b5 34. Rc5 Nf4 {usw.}) 31... Rxb2 32. h4 a5 33.
h5 Nf6 34. Rh8+ Kf7 35. h6 Kg6 36. g4 Rb5 ({Weiss verzoegert das Ende der
Partie sinnlos. Muesste Schwarz tatsaechlich etwas befuerchten, koennte er
sogar einfach mittels} 36... Nxg4 37. Rg8+ Kxh6 {die Notbremse ziehen und nach}
38. Rxg4 b5 {einfach und schematisch das Turmendspiel gewinnen.}) 37. f4 a4 ({
Selbstverstaendlich ist der Partiezug nicht zu tadeln. Doch noch immer bot sich
} 37... Nxg4 38. Rg8+ Kxh6 {
als die schnellste Methode an, den Gegner zu desillusionieren!}) 38. g5 Ra5 39.
gxf6 Kxf6 40. Rg8 Rh5 (40... Ra7 $1) 41. Rf8+ Ke7 $2 {
Der schwarze Vorteil schmilzt immer weiter zusammen.} (41... Kg6 $1 $19) 42.
Rb8 ({Zaeher war} 42. Ra8 Rxh6 43. Rxa4) 42... Rxh6 43. Rxb6 Rh3 $1 44. Kg2 Rb3
45. Ra6 a3 46. Kf2 Kf6 47. Ra5 Rb2+ 48. Ke3 a2 49. Kd3 Rh2 50. Ke4 Re2+ 51. Kf3
Rb2 52. Ke4 Rd2 53. Ra8 Rb2 54. Rf8+ Ke7 55. Ra8 Kd6 56. Ra5 Kc6 57. f5 Rb4+ $4
(57... Kb6 $1 $19) (57... exf5+ $1 58. Kxf5 Rb5+ $19) 58. Ke3 exf5 59. Rxa2 {
Das Endspiel ist elementar. Schwarz, der einst zwei maechtige verbundene
Freibauern besass, hat es tatsaechlich zum Remis zu verdorben ...} 59... Kd5
60. Ra5+ Ke6 61. Kf3 Kf6 62. Ra8 Re4 63. Rf8+ Kg6 64. Rg8+ Kf7 65. Ra8 1/2-1/2

[Event "FSV-ch 2011"]
[Site "Dortmund"]
[Date "2011.04.10"]
[Round "2.9"]
[White "Sonntag, Joachim"]
[Black "Rzoczek, Christoph"]
[Result "1-0"]
[WhiteElo "1796"]
[BlackElo "1505"]
[PlyCount "77"]
[EventDate "2011.??.??"]

1. e4 d5 2. e5 Bf5 3. d4 e6 4. Nf3 c5 5. dxc5 Bxc5 6. Bb5+ Nc6 7. O-O Nge7 8.
Nc3 O-O 9. Bd3 Bg4 10. Na4 Bb6 11. Nxb6 Qxb6 12. h3 Bxf3 13. Qxf3 Nxe5 14.
Bxh7+ Kxh7 15. Qh5+ Kg8 16. Qxe5 Ng6 17. Qg3 Rac8 18. c3 Qc7 19. f4 Ne7 20. Qf2
b6 21. g4 Qc4 22. Be3 Qe4 23. Rae1 Qg6 24. Kh2 Rc4 25. Bd4 f5 26. Rg1 Rf7 27.
Qe3 Nc6 28. b3 Nxd4 29. bxc4 Nc2 30. Qxe6 Qxe6 31. Rxe6 dxc4 32. g5 Rd7 33. g6
Kf8 34. a4 Re7 35. Rxe7 Kxe7 36. Rg2 Na1 37. h4 Nb3 38. h5 Kf8 39. Rg5 1-0

[Event "FSV-ch 2011"]
[Site "Dortmund"]
[Date "2011.03.17"]
[Round "2.10"]
[White "Busch, J. Malo"]
[Black "Bommert, Christian"]
[Result "0-1"]
[WhiteElo "1220"]
[BlackElo "1779"]
[PlyCount "50"]
[EventDate "2011.??.??"]

1. e4 d5 2. exd5 Nf6 3. Nf3 Nxd5 4. d4 Bf5 5. Bd3 Bg4 6. O-O e6 7. h3 Bh5 8.
Be4 c6 9. c4 Nf6 10. Bg5 Qa5 11. Nc3 Bxf3 12. Qxf3 Qxg5 13. d5 Nxe4 14. Qxe4
Qf5 15. Rfe1 Qxe4 16. Rxe4 Bc5 17. dxe6 fxe6 18. Rxe6+ Kf7 19. Rae1 Nd7 20. Na4
Rhe8 21. Rxe8 Rxe8 22. Rxe8 Kxe8 23. Nxc5 Nxc5 24. Kf1 Nd3 25. b3 Nc1 0-1

[Event "FSV-ch 2011"]
[Site "Dortmund"]
[Date "2011.03.17"]
[Round "2.11"]
[White "Maffei, Hendrik"]
[Black "Raskin, Vitali"]
[Result "0-1"]
[WhiteElo "1264"]
[BlackElo "1751"]
[PlyCount "66"]
[EventDate "2011.??.??"]

1. Nf3 d5 2. c4 dxc4 3. Qa4+ c6 4. Qxc4 Nf6 5. g3 Be6 6. Qc2 Bd5 7. Bg2 e5 8.
Nc3 Nbd7 9. Nxd5 cxd5 10. d3 Rc8 11. Qd1 Bb4+ 12. Bd2 Qb6 13. O-O Bc5 14. Rc1
O-O 15. e3 Qxb2 16. Bc3 Qa3 17. Nxe5 Bxe3 18. fxe3 Rxc3 19. Rxc3 Qxc3 20. Nxd7
Nxd7 21. Bxd5 b6 22. Qg4 Nf6 23. Qf5 Qc5 24. Be4 Qxe3+ 25. Kg2 Nxe4 26. dxe4 g6
27. Qd5 Qc5 28. Qb3 Qd4 29. Qf3 Qc4 30. a3 Rd8 31. Qf6 Qxe4+ 32. Kh3 Qe6+ 33.
Qxe6 fxe6 0-1

[Event "FSV-ch 2011"]
[Site "Dortmund"]
[Date "2011.03.17"]
[Round "2.12"]
[White "Dite, Alexander"]
[Black "vd Mescht, Adrian"]
[Result "1-0"]
[WhiteElo "1607"]
[BlackElo "756"]
[PlyCount "73"]
[EventDate "2011.??.??"]

1. d4 d5 2. c4 e5 3. dxe5 dxc4 4. Qxd8+ Kxd8 5. e4 Bb4+ 6. Bd2 Nc6 7. Nf3 Bg4
8. Bxb4 Nxb4 9. Na3 Bxf3 10. gxf3 Ne7 11. Bxc4 f6 12. O-O-O+ Ke8 13. exf6 gxf6
14. Nb5 Na6 15. Rhg1 c6 16. Nd4 b5 17. Bb3 Nc5 18. Ne6 Nxe6 19. Bxe6 Rd8 20. b4
Rxd1+ 21. Rxd1 Ng6 22. Bd7+ Ke7 23. Bf5 Nf4 24. Rd7+ Ke8 25. Rxa7 Ne2+ 26. Kd2
Nd4 27. Ra8+ Kf7 28. Rxh8 Nxf3+ 29. Ke3 Nh4 30. Rxh7+ Kg8 31. Rxh4 c5 32. bxc5
b4 33. Rh7 b3 34. axb3 Kf8 35. c6 Ke8 36. c7 Kf8 37. c8=Q# 1-0

[Event "FSV-ch 2011"]
[Site "Dortmund"]
[Date "2011.03.17"]
[Round "2.13"]
[White "Gennat, Egon L"]
[Black "Milonas, Georgios"]
[Result "1/2-1/2"]
[WhiteElo "1289"]
[BlackElo "1596"]
[PlyCount "124"]
[EventDate "2011.??.??"]

1. d4 Nf6 2. c4 e6 3. Nc3 d5 4. Nf3 dxc4 5. Bg5 Bb4 6. a3 Be7 7. e3 a6 8. Bxc4
b5 9. Be2 Nbd7 10. O-O c5 11. dxc5 Bxc5 12. Rc1 Qb6 13. b4 Be7 14. Qb3 O-O 15.
h3 Bb7 16. Rfd1 Rfd8 17. Rd2 Nf8 18. Rdc2 Rac8 19. Ne5 Qa7 20. Bf3 Qa8 21. Bxb7
Qxb7 22. Ne2 Rxc2 23. Qxc2 Nd5 24. Bxe7 Nxe7 25. Nd4 Rc8 26. Qb2 h6 27. Rxc8
Qxc8 28. Qc2 Qxc2 29. Nxc2 f6 30. Nd3 Nd7 31. Kf1 Kf7 32. Ke2 Nd5 33. Kd2 N7b6
34. Nc5 Nc7 35. Kd3 e5 36. Ke4 g6 37. f4 exf4 38. Kxf4 Nc4 39. Ke4 Ke7 40. Kd4
Kd6 41. Ne4+ Ke6 42. Nc5+ Ke7 43. a4 Nd6 44. e4 bxa4 45. Nxa4 Ncb5+ 46. Kd5
Nc7+ 47. Kc6 Ncb5 48. Nc5 Nc3 49. Nxa6 Ndxe4 50. Nc5 Nd6 51. Ne3 Nc8 52. Nd5+
Nxd5 53. Kxd5 f5 54. b5 g5 55. Kc6 Nd6 56. b6 h5 57. Kd5 g4 58. b7 Nxb7 59.
Nxb7 Kf6 60. Nd6 gxh3 61. gxh3 Kg5 62. Ke5 Kh4 1/2-1/2

[Event "FSV-ch 2011"]
[Site "Dortmund"]
[Date "2011.03.17"]
[Round "2.14"]
[White "Rabe, Mark"]
[Black "Begna, Bozidar"]
[Result "0-1"]
[WhiteElo "963"]
[BlackElo "1976"]
[PlyCount "54"]
[EventDate "2011.??.??"]

1. Nf3 Nf6 2. Nc3 Nc6 3. d4 d6 4. e4 g6 5. d5 Ne5 6. Nxe5 dxe5 7. Be2 Bg7 8.
O-O O-O 9. f4 exf4 10. Bxf4 c6 11. Be3 cxd5 12. e5 Ne4 13. Bd4 Be6 14. Bd3 Qc7
15. Ne2 Bxe5 16. Bxe5 Qxe5 17. c3 Bg4 18. Qe1 Nc5 19. Nf4 Nxd3 20. Nxd3 Qd6 21.
Ne5 Bf5 22. Qg3 Be4 23. h4 f6 24. h5 Qxe5 25. Rf4 g5 26. Raf1 Kh8 27. h6 Rg8
0-1

[Event "FSV-ch 2011"]
[Site "Dortmund"]
[Date "2011.03.14"]
[Round "2.15"]
[White "Hering, Franz"]
[Black "Jentzsch, W. W."]
[Result "1-0"]
[WhiteElo "1634"]
[BlackElo "1292"]
[PlyCount "35"]
[EventDate "2011.??.??"]

1. e4 e5 2. Nf3 Nc6 3. Bb5 d6 4. d4 Bd7 5. Be3 exd4 6. Nxd4 Nxd4 7. Bxd7+ Qxd7
8. Bxd4 O-O-O 9. Qd3 c5 10. Be3 Qg4 11. Nc3 Qxg2 12. O-O-O g6 13. Bxc5 Qg5+ 14.
Be3 Qe7 15. Qd4 Nf6 16. Qxa7 Nxe4 17. Qa8+ Kc7 18. Nd5+ 1-0

[Event "FSV-ch 2011"]
[Site "Dortmund"]
[Date "2011.03.17"]
[Round "2.16"]
[White "Reinacher, Detlev"]
[Black "Winkler, Harald"]
[Result "1/2-1/2"]
[WhiteElo "1588"]
[BlackElo "1318"]
[PlyCount "169"]
[EventDate "2011.??.??"]

1. d4 d5 2. c4 e6 3. Nc3 c6 4. Bf4 Bd6 5. Bxd6 Qxd6 6. c5 Qc7 7. Nf3 Nf6 8. e3
Nbd7 9. b4 a6 10. a4 O-O 11. Bd3 Re8 12. O-O e5 13. dxe5 Nxe5 14. Nxe5 Qxe5 15.
Qc2 Bd7 16. Rfe1 Qc7 17. f3 Re7 18. Re2 Rae8 19. Rae1 a5 20. b5 cxb5 21. Nxb5
Bxb5 22. Bxb5 Rc8 23. Rc1 Nd7 24. Qd3 Nf6 25. Rec2 g6 26. g4 Qd8 27. Rd1 h6 28.
e4 Re5 29. c6 b6 30. Qd4 Qc7 31. Bd3 dxe4 32. Bxe4 Nxe4 33. fxe4 Re6 34. Rdc1
Rd8 35. Qe3 Kh7 36. Qf3 Kg7 37. Qc3+ f6 38. Qf3 Rdd6 39. Qg3 Re5 40. Rc4 Rde6
41. Qd3 g5 42. Rd4 Re7 43. Rd7 Rxd7 44. Qxd7+ Re7 45. Rd1 Kf7 46. Qd5+ Kf8 47.
Rf1 Rf7 48. Rf5 Ke8 49. Qe6+ Qe7 50. Qd5 Qc7 51. e5 Ke7 52. e6 Rf8 53. Qc4 Rd8
54. Rd5 Rd6 55. Rxd6 Kxd6 56. Qd3+ Kxe6 57. Qf5+ Ke7 58. Qh7+ Kd6 59. Qxh6 Ke5
60. Qg6 Qxc6 61. Qf5+ Kd4 62. Qf2+ Kc4 63. Qc2+ Kd5 64. Qd3+ Ke6 65. Qf5+ Ke7
66. Qh7+ Kd6 67. Qd3+ Kc7 68. Qh7+ Qd7 69. Qc2+ Kd8 70. Qc4 Ke7 71. Qe4+ Kd8
72. Qa8+ Ke7 73. Qe4+ Kf8 74. Qa8+ Qe8 75. Qf3 Qe7 76. Qa8+ Kf7 77. Qd5+ Kg7
78. Qf3 Qc5+ 79. Kg2 Kg6 80. Qe4+ Kh6 81. Qe8 Qc2+ 82. Kf3 Qc3+ 83. Kg2 Qe5 84.
Qh8+ Kg6 85. Qg8+ 1/2-1/2

[Event "FSV-ch 2011"]
[Site "Dortmund"]
[Date "2011.03.17"]
[Round "2.17"]
[White "Schicktanz, Florian"]
[Black "Koch, Detlev"]
[Result "1/2-1/2"]
[WhiteElo "1554"]
[BlackElo "1292"]
[PlyCount "72"]
[EventDate "2011.??.??"]

1. d4 Nf6 2. Nf3 e6 3. c4 Bb4+ 4. Bd2 Bxd2+ 5. Nbxd2 b6 6. e4 d6 7. Bd3 Nh5 8.
O-O Nf4 9. Bc2 Bb7 10. d5 e5 11. Rc1 Nd7 12. b4 O-O 13. Nb3 a5 14. a3 axb4 15.
axb4 Ra3 16. Nfd2 Ra7 17. Nb1 Ng6 18. Nc3 Ne7 19. Nb5 Ra8 20. Bd3 Ba6 21. c5
Bxb5 22. Bxb5 Nf6 23. cxb6 cxb6 24. Re1 Rc8 25. Qd3 Rc7 26. Rxc7 Qxc7 27. Rc1
Qb8 28. Nd2 Rc8 29. Nc4 h6 30. Ra1 Qc7 31. h3 Qd8 32. Ra6 Rb8 33. Qe3 Nc8 34.
Bc6 Qc7 35. Na3 Qd8 36. b5 Nd7 1/2-1/2

[Event "FSV-ch 2011"]
[Site "Dortmund"]
[Date "2011.03.17"]
[Round "2.18"]
[White "Pauli, Helmut"]
[Black "Tekin, Baran"]
[Result "0-1"]
[WhiteElo "1222"]
[BlackElo "1463"]
[PlyCount "80"]
[EventDate "2011.??.??"]

1. d4 Nf6 2. c4 g6 3. Nc3 Bg7 4. e3 O-O 5. Nf3 d6 6. b4 c6 7. h3 a5 8. bxa5
Qxa5 9. Bd2 Qc7 10. Qc2 c5 11. Be2 Nc6 12. Nb5 Qd8 13. O-O cxd4 14. Nbxd4 Nd7
15. Rab1 Nc5 16. Bc3 Nxd4 17. Bxd4 Bf5 18. Qb2 Na4 19. Qxb7 Bxb1 20. Bxg7 Kxg7
21. Qxb1 Kg8 22. Rc1 Qa5 23. Qc2 Rfb8 24. Nd4 Qc5 25. Bf3 Ra6 26. Nb3 Qc7 27.
Be2 Nc5 28. Nd4 Rba8 29. Nb5 Qd8 30. a3 Rc8 31. Rd1 Qa5 32. Kf1 Qa4 33. Qb1 Qa5
34. Qb4 Qxb4 35. axb4 Nd7 36. Nd4 Nb6 37. c5 Ra4 38. cxb6 Rxb4 39. Ba6 Ra8 40.
b7 Rxa6 0-1

[Event "FSV-ch 2011"]
[Site "Dortmund"]
[Date "2011.03.17"]
[Round "2.19"]
[White "Raabe, Hans-Ulrich"]
[Black "Wickenfeld, Udo"]
[Result "1-0"]
[WhiteElo "1471"]
[BlackElo "1249"]
[PlyCount "101"]
[EventDate "2011.??.??"]

1. e4 c5 2. Nf3 Nc6 3. d4 cxd4 4. Nxd4 e6 5. Nc3 a6 6. Be2 Qc7 7. Nf3 b5 8. a3
Bb7 9. O-O Rd8 10. Bg5 Be7 11. Qd2 Nf6 12. Bf4 d6 13. Bd3 e5 14. Be3 Rc8 15.
Ne2 Na5 16. Ng3 Nc4 17. Qc1 Nxe3 18. Qxe3 O-O 19. c3 d5 20. exd5 Bc5 21. Qxe5
Bd6 22. Qg5 Bf4 23. Qh4 Bxd5 24. Nh5 Nxh5 25. Qxh5 g6 26. Bxg6 fxg6 27. Qxd5+
Rf7 28. Rad1 Rcf8 29. g3 Bh6 30. Ne5 Qe7 31. Nxf7 Rxf7 32. Rfe1 Qf6 33. Qd8+
Qxd8 34. Rxd8+ Bf8 35. Ree8 Kg7 36. Rxf8 Rxf8 37. Rxf8 Kxf8 38. Kg2 Kf7 39. f4
Ke6 40. Kf3 Kd5 41. b3 h6 42. g4 a5 43. Ke3 Ke6 44. Ke4 Kd6 45. h4 Ke6 46. c4
bxc4 47. bxc4 Kd6 48. Kd4 a4 49. c5+ Kc6 50. f5 gxf5 51. gxf5 1-0

[Event "FSV-ch 2011"]
[Site "Dortmund"]
[Date "2011.03.17"]
[Round "2.20"]
[White "Tautz, Eugen"]
[Black "Griese, Andreas"]
[Result "1-0"]
[WhiteElo "1442"]
[BlackElo "1196"]
[PlyCount "131"]
[EventDate "2011.??.??"]

1. c4 Nf6 2. Nc3 e6 3. Nf3 c5 4. d4 d5 5. cxd5 exd5 6. Bg5 Be7 7. dxc5 Nc6 8.
e3 Be6 9. Bb5 O-O 10. a3 a6 11. Be2 Bxc5 12. O-O Be7 13. Rc1 Ne4 14. Bxe7 Qxe7
15. Nxd5 Bxd5 16. Qxd5 Nf6 17. Qb3 Rac8 18. Rfd1 Rfd8 19. Rxd8+ Rxd8 20. h3 h6
21. Qa4 Rd7 22. Bxa6 bxa6 23. Qxc6 Rd6 24. Qc8+ Kh7 25. Qf5+ g6 26. Qa5 Kg7 27.
Qb4 Nd5 28. Qc5 Qe6 29. Qd4+ Nf6 30. Qc3 Rb6 31. b4 Rd6 32. Nd4 Qd7 33. Kf1 h5
34. Qc7 Qxc7 35. Rxc7 Ne4 36. Rc6 Kf6 37. Rxd6+ Nxd6 38. Nc6 Nc4 39. a4 Ke6 40.
Nb8 a5 41. bxa5 Nxa5 42. Na6 Kd5 43. Ke2 Kc4 44. Kd2 Kb3 45. Nc5+ Kb4 46. Ne4
Kxa4 {(=)} 47. Nd6 f6 48. Kd3 Kb4 49. e4 Kc5 50. Ne8 f5 51. exf5 gxf5 52. Ng7
Kd5 53. Nxf5 Ke5 54. Ng7 h4 55. Nh5 Nc6 56. Ke3 Kf5 57. Ng7+ Kg5 58. Ke4 Ne7
59. Ne6+ Kf6 60. Nd4 Kg5 61. f4+ Kf6 62. Kf3 Ng6 63. Kg4 Kg7 64. Nf5+ Kf6 65.
Nxh4 Nxh4 66. Kxh4 1-0

[Event "FSV-ch 2011"]
[Site "Dortmund"]
[Date "2011.03.17"]
[Round "2.21"]
[White "Jürgens, Ulrich"]
[Black "Vogt, Christian"]
[Result "0-1"]
[WhiteElo "1168"]
[BlackElo "1415"]
[PlyCount "36"]
[EventDate "2011.??.??"]

1. Nf3 Nf6 2. Nc3 d5 3. d4 g6 4. Bf4 c6 5. Be5 Nbd7 6. e3 Bg7 7. g3 Nxe5 8.
Nxe5 Nd7 9. f4 f6 10. Nxd7 Bxd7 11. h4 h5 12. Be2 e5 13. dxe5 fxe5 14. fxe5
Bxe5 15. Rg1 Qc7 16. Kf2 Rf8+ 17. Bf3 Bg4 18. Rb1 O-O-O 0-1

[Event "FSV-ch 2011"]
[Site "Dortmund"]
[Date "2011.03.17"]
[Round "2.22"]
[White "Skalweit, Wolfgang"]
[Black "Wangrin, Stefan A"]
[Result "1-0"]
[WhiteElo "1401"]
[BlackElo "1184"]
[PlyCount "93"]
[EventDate "2011.??.??"]

1. f4 d5 2. Nf3 e6 3. c3 Nh6 4. Qc2 Be7 5. d4 Nf5 6. e4 Nh4 7. Nxh4 Bxh4+ 8. g3
Be7 9. Bg2 c6 10. Be3 Nd7 11. Nd2 c5 12. O-O-O Qc7 13. exd5 cxd4 14. Bxd4 Bf6
15. Bxf6 Nxf6 16. Rhe1 O-O 17. Ne4 Nxd5 18. Ng5 Nf6 19. h3 Bd7 20. Ne4 Ne8 21.
Rd4 Bc6 22. Red1 f5 23. Ng5 Rf6 24. Bxc6 bxc6 25. Rd7 Qb6 26. Qd3 c5 27. Qc4
Rb8 28. R1d2 a5 29. a3 h6 30. Nf3 Kf8 31. Ne5 Kg8 32. R7d3 Kh7 33. Nd7 Qd8 34.
Nxf6+ Qxf6 35. Qxc5 Qg6 36. Qxa5 Qxg3 37. Rxg3 Nf6 38. Qc7 Rg8 39. Rdg2 Nh5 40.
Rg6 Kh8 41. Rxe6 Nxf4 42. Qxf4 g5 43. Rxh6+ Kg7 44. Qxg5+ Kf7 45. Rh7+ Rg7 46.
Qxf5+ Ke7 47. Rgxg7+ 1-0

[Event "FSV-ch 2011"]
[Site "Dortmund"]
[Date "2011.03.17"]
[Round "2.23"]
[White "Böckmann, Lilo"]
[Black "Hübel, Carsten"]
[Result "0-1"]
[WhiteElo "950"]
[BlackElo "1397"]
[PlyCount "64"]
[EventDate "2011.??.??"]

1. d4 Nf6 2. c4 e6 3. a3 b6 4. Nc3 Bb7 5. e3 Be7 6. Nf3 d5 7. b3 O-O 8. Bb2
Nbd7 9. g3 dxc4 10. Bg2 cxb3 11. O-O c5 12. Ne2 c4 13. Rc1 Rc8 14. Nc3 a6 15.
Re1 b5 16. e4 b4 17. axb4 Bxb4 18. e5 Bxc3 19. Rxc3 Nd5 20. Qc1 Nxc3 21. Bxc3
Bxf3 22. Bxf3 Nb6 23. Bb7 Rb8 24. Bxa6 Na4 25. Bxc4 b2 26. Qc2 Nxc3 27. Bd3
b1=Q 28. Bxh7+ Kh8 29. Rxb1 Rxb1+ 30. Kg2 Qd5+ 31. Kh3 Qf3 32. Bd3 Rg1 0-1

[Event "FSV-ch 2011"]
[Site "Dortmund"]
[Date "2011.03.17"]
[Round "2.24"]
[White "Herrmann, Rudolf"]
[Black "Riepe, Markus"]
[Result "1-0"]
[WhiteElo "1336"]
[BlackElo "886"]
[PlyCount "87"]
[EventDate "2011.??.??"]

1. d4 Nf6 2. Nf3 g6 3. c4 Bg7 4. Bg5 O-O 5. Nc3 d5 6. e3 c6 7. cxd5 cxd5 8. Be2
Nbd7 9. h3 b6 10. Rc1 e6 11. Nb5 Ba6 12. Nc7 Bxe2 13. Kxe2 Rc8 14. Nb5 a5 15.
a4 Qe8 16. Ne5 Nb8 17. Re1 Na6 18. Bf4 Qe7 19. Nc6 Qd7 20. Ne5 Qe7 21. Kf1 Nb4
22. Re2 Ne4 23. Nd3 Na2 24. Rc7 Rxc7 25. Bxc7 Rc8 26. Bxb6 Qf6 27. Rc2 Rxc2 28.
Qxc2 Bh6 29. Kg1 Nb4 30. Nxb4 axb4 31. Bc7 Bg5 32. Be5 Qxf2+ 33. Qxf2 Nxf2 34.
Kxf2 Bh4+ 35. g3 f6 36. Bd6 Bg5 37. Bxb4 f5 38. a5 Bd8 39. a6 Bb6 40. a7 Bxa7
41. Nxa7 Kf7 42. Bd6 Ke8 43. b4 Kd7 44. Be5 1-0

[Event "FSV-ch 2011"]
[Site "Dortmund"]
[Date "2011.03.24"]
[Round "3.1"]
[White "Bommert, Christian"]
[Black "Morawietz, Manuel"]
[Result "1/2-1/2"]
[WhiteElo "1779"]
[BlackElo "1926"]
[PlyCount "72"]
[EventDate "2011.??.??"]

1. b4 a5 2. b5 d5 3. Bb2 c5 4. e3 Nf6 5. Nf3 Bg4 6. c4 e6 7. Be2 Nbd7 8. O-O
dxc4 9. a4 Bd6 10. Qc2 e5 11. e4 O-O 12. Na3 Nb6 13. Nxc4 Nxc4 14. Qxc4 Qe7 15.
h3 Bxf3 16. Bxf3 b6 17. Bd1 Rad8 18. Bb3 Bc7 19. Qe2 Rd6 20. Bc4 Nd7 21. Ra3
Kh8 22. Rg3 Rd8 23. Bc3 Nf8 24. Qh5 Rg6 25. Rxg6 fxg6 26. Qg4 Nd7 27. d3 Nf6
28. Qg5 Qd6 29. g3 Nh5 30. Kg2 Rf8 31. Qg4 Qf6 32. Bd2 Qd6 33. Be3 Nf6 34. Qe6
Qd8 35. f4 Nh5 36. Rf3 Rf6 1/2-1/2

[Event "FSV-ch 2011"]
[Site "Dortmund"]
[Date "2011.03.24"]
[Round "3.2"]
[White "Jost, Udo"]
[Black "Grube, Jörg"]
[Result "0-1"]
[WhiteElo "1764"]
[BlackElo "1876"]
[PlyCount "106"]
[EventDate "2011.??.??"]

1. e4 c5 2. Nf3 e6 3. Nc3 a6 4. d3 d5 5. Bd2 Nc6 6. Be2 b5 7. O-O b4 8. Nb1 Bb7
9. exd5 exd5 10. Re1 Bd6 11. Bg5 Nge7 12. d4 c4 13. Nbd2 f6 14. Bh4 O-O 15. c3
a5 16. Qc2 Qb6 17. Bxc4 dxc4 18. Nxc4 Qc7 19. Re6 Bf4 20. Rae1 Bc8 21. Qe4 Bxe6
22. Qxe6+ Kh8 23. d5 Nxd5 24. Qxd5 Rae8 25. Rxe8 Rxe8 26. g3 Bc1 27. Nd6 Rf8
28. Qc5 bxc3 29. bxc3 Qd7 30. Kg2 Ne7 31. Nd4 g5 32. Bxg5 fxg5 33. Qe5+ Kg8 34.
Ne6 Rf7 35. f4 gxf4 36. gxf4 Ng6 37. Qd5 Qxe6 38. Qxe6 Nxf4+ 39. Kf3 Nxe6+ 40.
Nxf7 Kxf7 41. Ke4 Bf4 42. h3 Bg3 43. c4 Ng5+ 44. Kf5 h6 45. Kg4 Bf2 46. h4 Ne4
47. Kf3 Bxh4 48. Kxe4 Ke6 49. Kd4 Bf2+ 50. Ke4 Kd6 51. Kf3 Bd4 52. Ke4 Kc5 53.
Kd3 h5 0-1

[Event "FSV-ch 2011"]
[Site "Dortmund"]
[Date "2011.03.24"]
[Round "3.3"]
[White "Zelt, Jens"]
[Black "Dieckmann, Rudolf"]
[Result "1-0"]
[WhiteElo "2016"]
[BlackElo "1575"]
[PlyCount "47"]
[EventDate "2011.??.??"]

1. d4 d5 2. e3 g6 3. Nf3 Bg7 4. h3 Nd7 5. c4 e6 6. Nc3 Ne7 7. Be2 dxc4 8. Bxc4
c6 9. O-O b5 10. Be2 a5 11. Ne4 Qc7 12. Qc2 Nd5 13. a3 O-O 14. Bd2 Rd8 15. Rfc1
N7f6 16. Nxf6+ Bxf6 17. Qxc6 Qxc6 18. Rxc6 Bd7 19. Rcc1 a4 20. Rc2 Rdc8 21.
Rac1 Be7 22. Rxc8+ Rxc8 23. Rxc8+ Bxc8 24. Bxb5 1-0

[Event "FSV-ch 2011"]
[Site "Dortmund"]
[Date "2011.03.24"]
[Round "3.4"]
[White "Raskin, Vitali"]
[Black "Naundorf, Maik"]
[Result "0-1"]
[WhiteElo "1751"]
[BlackElo "2056"]
[PlyCount "62"]
[EventDate "2011.??.??"]

1. d4 Nf6 2. c4 c5 3. e3 g6 4. Nf3 Bg7 5. Be2 O-O 6. O-O cxd4 7. exd4 d5 8. c5
Ne4 9. Nc3 Nc6 10. Bf4 Be6 11. Re1 Qa5 12. Bd2 Nxd2 13. Qxd2 b6 14. cxb6 Qxb6
15. Na4 Qb4 16. Qxb4 Nxb4 17. Rec1 Rfc8 18. Nc5 Bf5 19. Rc3 Rab8 20. h3 Nc2 21.
Rc1 Nxd4 22. Ba6 Nxf3+ 23. Rxf3 Rc7 24. Bd3 Bxb2 25. Rc2 Bxd3 26. Rxd3 e6 27.
Rdd2 Be5 28. g3 Rbc8 29. Nd3 Rxc2 30. Rxc2 Rxc2 31. Nxe5 Rxa2 0-1

[Event "FSV-ch 2011"]
[Site "Dortmund"]
[Date "2011.03.24"]
[Round "3.5"]
[White "Melmer, Felix"]
[Black "Reschop, Romano"]
[Result "1-0"]
[WhiteElo "1935"]
[BlackElo "1621"]
[PlyCount "119"]
[EventDate "2011.??.??"]

1. d4 Nf6 2. Bg5 e6 3. e4 h6 4. Bxf6 Qxf6 5. Nf3 d5 6. Bd3 c5 7. c3 Bd7 8. Nbd2
Nc6 9. e5 Qd8 10. dxc5 Qc7 11. Qe2 Bxc5 12. b4 Be7 13. O-O f5 14. b5 Nd8 15.
Rac1 Qb6 16. c4 O-O 17. Nb3 dxc4 18. Bxc4 Nf7 19. Rfd1 Rad8 20. a4 a5 21. Nfd4
Ng5 22. Rc2 Kh7 23. Bd3 Be8 24. Rc4 Bg6 25. h4 Ne4 26. h5 Be8 27. Bxe4 fxe4 28.
Qxe4+ Kh8 29. Qg4 Bg5 30. g3 Bf7 31. f4 Be7 32. Kh2 Rc8 33. Rdc1 Rxc4 34. Rxc4
Rd8 35. Qe2 Bg8 36. Nf3 Bb4 37. g4 Bh7 38. Nbd4 Bc5 39. Rxc5 Qxc5 40. Nxe6 Qe7
41. Nxd8 Qxd8 42. f5 Qd5 43. e6 Bxf5 44. gxf5 Qxf5 45. Ne5 Qf4+ 46. Kg2 Qg5+
47. Kh3 Qf5+ 48. Kh2 Qf4+ 49. Kg1 Qg3+ 50. Kf1 Qh3+ 51. Ke1 Qg3+ 52. Kd2 Qf4+
53. Kd3 Qxa4 54. Ng6+ Kg8 55. Qe5 Qb3+ 56. Ke4 Qb1+ 57. Kd5 Qxb5+ 58. Kd6 Qc6+
59. Ke7 Qc8 60. Qxa5 1-0

[Event "FSV-ch 2011"]
[Site "Dortmund"]
[Date "2011.03.24"]
[Round "3.6"]
[White "Schütz, Ralf"]
[Black "Benke, Werner"]
[Result "1-0"]
[WhiteElo "1818"]
[BlackElo "1612"]
[PlyCount "21"]
[EventDate "2011.??.??"]

1. e4 e6 2. d4 d5 3. Nc3 Ne7 4. Nf3 g6 5. Bg5 Bg7 6. Qd2 a6 7. O-O-O b5 8. exd5
exd5 9. Bxe7 Kxe7 10. Qg5+ Bf6 11. Nxd5+ 1-0

[Event "FSV-ch 2011"]
[Site "Dortmund"]
[Date "2011.03.24"]
[Round "3.7"]
[White "Sonntag, Joachim"]
[Black "Dite, Alexander"]
[Result "1/2-1/2"]
[WhiteElo "1796"]
[BlackElo "1607"]
[PlyCount "72"]
[EventDate "2011.??.??"]

1. e4 c6 2. d4 d5 3. e5 c5 4. c3 Nc6 5. Nf3 Bg4 6. Be2 e6 7. O-O Qb6 8. dxc5
Bxc5 9. b4 Be7 10. Re1 Qc7 11. b5 Bxf3 12. bxc6 Bxe2 13. cxb7 Qxb7 14. Qxe2 Bc5
15. Qg4 g6 16. Nd2 Ne7 17. Nb3 Bb6 18. Bh6 Nf5 19. Bg5 Bd8 20. Bd2 Rc8 21. Qa4+
Qd7 22. Qa6 Bb6 23. Rac1 Rc4 24. Qa3 Qa4 25. Qb2 h5 26. Bg5 Qc6 27. Nd2 Rg4 28.
Nf3 h4 29. h3 Rc4 30. Nd4 Qc7 31. Bf6 Rh5 32. Nf3 Ng3 33. Ng5 Qc6 34. Kh2 Nf5
35. Qa3 Bc5 36. Qb2 Bb6 1/2-1/2